| 000 | 00592cam a2200181 a 4500 | ||
|---|---|---|---|
| 999 |
_c173 _d173 |
||
| 020 | _a0521570247 (hardcover) | ||
| 020 | _a0521578914 (pbk.) | ||
| 050 | 0 | 0 |
_aQL751 _b.M22 MAN |
| 100 | 1 | _aManning, Aubrey. | |
| 245 | 1 | 3 |
_aAn introduction to animal behaviour / _cAubrey Manning and Marian Stamp Dawkins. |
| 250 | _a5th ed. | ||
| 260 |
_aCambridge ; _aNew York : _bCambridge University Press, _c1998. |
||
| 300 |
_aix, 450 p. : _bill. (some col.) ; _c27 cm. |
||
| 500 | _aINCLUDES BIBLIOGRAPHIC REFERENCE AND INDEX | ||
| 650 | 0 | _aAnimal behavior. | |
| 700 | 1 | _aDawkins, Marian Stamp. | |
| 942 | _cBK | ||